Nanotechnology and nanoelectronics : (Record no. 330476)

000 -LEADER
fixed length control field 01443cam a22003377a 4500
001 - CONTROL NUMBER
control field 13627023
003 - CONTROL NUMBER IDENTIFIER
control field NUST
005 - DATE AND TIME OF LATEST TRANSACTION
control field 20170717162705.0
008 - FIXED-LENGTH DATA ELEMENTS--GENERAL INFORMATION
fixed length control field 040617s2005 gw a b 001 0 eng
010 ## - LIBRARY OF CONGRESS CONTROL NUMBER
LC control number 2004109048
015 ## - NATIONAL BIBLIOGRAPHY NUMBER
National bibliography number GBA458062
Source bnb
016 7# - NATIONAL BIBLIOGRAPHIC AGENCY CONTROL NUMBER
Record control number 012967852
Source Uk
020 ## - INTERNATIONAL STANDARD BOOK NUMBER
International Standard Book Number 3540224521
035 ## - SYSTEM CONTROL NUMBER
System control number (CStRLIN)CUBGGLAD185397152-B
035 ## - SYSTEM CONTROL NUMBER
System control number (CU)GLAD185397152
040 ## - CATALOGING SOURCE
Original cataloging agency *UKM*
Transcribing agency *UKM*
Modifying agency HkUST
-- *C#P*
-- CU
-- CStRLIN
-- DLC
042 ## - AUTHENTICATION CODE
Authentication code lccopycat
050 00 - LIBRARY OF CONGRESS CALL NUMBER
Classification number T174.7
Item number .N37327 2005
082 00 - DEWEY DECIMAL CLASSIFICATION NUMBER
Classification number 620.5 FAH
Edition number 22
245 00 - TITLE STATEMENT
Title Nanotechnology and nanoelectronics :
Remainder of title materials, devices, measurement techniques /
Statement of responsibility, etc. W.R. Fahrner (editor).
260 ## - PUBLICATION, DISTRIBUTION, ETC.
Place of publication, distribution, etc. Berlin ;
-- New York :
Name of publisher, distributor, etc. Springer-Verlag,
Date of publication, distribution, etc. c2005.
300 ## - PHYSICAL DESCRIPTION
Extent xvi, 269 p. :
Other physical details ill. ;
Dimensions 24 cm.
500 ## - GENERAL NOTE
General note P.B
504 ## - BIBLIOGRAPHY, ETC. NOTE
Bibliography, etc. note Includes bibliographical references (p. [239]-260) and index.
650 #0 - SUBJECT ADDED ENTRY--TOPICAL TERM
Topical term or geographic name entry element Nanotechnology.
9 (RLIN) 2826
700 1# - ADDED ENTRY--PERSONAL NAME
Personal name Fahrner, W. R.
Fuller form of name (Wolfgang R.)
9 (RLIN) 3326
856 41 - ELECTRONIC LOCATION AND ACCESS
Materials specified Table of contents
Uniform Resource Identifier <a href="http://www.loc.gov/catdir/toc/fy054/2004109048.html">http://www.loc.gov/catdir/toc/fy054/2004109048.html</a>
856 42 - ELECTRONIC LOCATION AND ACCESS
Materials specified Publisher description
Uniform Resource Identifier <a href="http://www.loc.gov/catdir/enhancements/fy0816/2004109048-d.html">http://www.loc.gov/catdir/enhancements/fy0816/2004109048-d.html</a>
906 ## - LOCAL DATA ELEMENT F, LDF (RLIN)
a 7
b cbc
c copycat
d 2
e epcn
f 20
g y-gencatlg
942 ## - ADDED ENTRY ELEMENTS (KOHA)
Source of classification or shelving scheme
Koha item type Book
Call number prefix IESE
Holdings
Withdrawn status Lost status Source of classification or shelving scheme Damaged status Not for loan Collection code Permanent Location Current Location Shelving location Date acquired Total Checkouts Full call number Barcode Date last seen Price effective from Koha item type
            Institute of Environmental Science and Engineering (IESE) Institute of Environmental Science and Engineering (IESE) General Stacks 07/17/2017   620.5 FAH IESE-2928 07/17/2017 07/17/2017 Book
© 2023 Central Library, National University of Sciences and Technology. All Rights Reserved.